00641nac a22001811u 4500008004100000020001500041082001700056100004100073245007200114260003100186300002800217500002000245650002000265650002800285942002100313999001500334952011000349130120s1990 nyu||||| |||| 001 0 eng d a0442207557 a690bAMB222 aAmbrose, James E. 931928 aBuilding Construction :cAmbrse, James E.nv.1penclosure systems / aNew York:bChapman,c1990. a188p. :bIll. ;c29 cm. aIncludes index. aBuilding931929 aBuilding details931930 cBBk690 AMB2ddc c3098d3098 00102ddc40708 aMAINbMAINc1STd2007-03-20epurchasel0o690 AMBp000001445r2025-07-15 00:00:00yBB